000 00799nam a22002297a 4500
003 0
005 20241118102443.0
008 240923b xxu||||| |||| 00| 0 eng d
020 _a978-0-357-62562-0
050 _aBF 722
_b.N55 2023
100 _aNilsen, Barbara Ann
245 _aWeek by week
_bplans for documenting children's development
_cBarbara Ann Nilsen
250 _aEight edition
260 _aBoston, Massachusetts
_bCengage
_c2023
300 _axix, 534 pages :
_bcolored illustrations and pictures ;
_c27cm.
504 _aIncludes bibliographical references, index, and glossary.
650 _aBehavioral assessment of children.
650 _aObservation (Psychology).
650 _aObservation (educational method).
650 _aChild development.
942 _2lcc
_cBK
999 _c366315
_d366315